000 01555cam a22003494a 4500
001 12985759
003 ARRUPE
005 20220401083432.0
008 021030s2003 enka bf 001 0 eng
010 _a 2002042453
020 _a1403911916 (hbk.)
020 _a1403905843 (pbk.)
040 _aDLC
_cDLC
_dDLC
042 _apcc
050 0 0 _aLB2369
_b.D85 2003
082 0 0 _a808/.02
_221
100 1 _aDunleavy, Patrick.
_951099
245 1 0 _aAuthoring a PhD :
_bhow to plan, draft, write, and finish a doctoral thesis or dissertation /
_cPatrick Dunleavy.
246 3 _aAuthoring a doctor of philosophy
260 _aHoundmills, Basingstoke, Hampshire ;
_aNew York :
_bPalgrave Macmillan,
_c2003.
300 _axiii, 297 p. :
_bill. ;
_c23 cm.
440 0 _aPalgrave study guides
_951100
504 _aIncludes bibliographical references (p. 287-290) and index.
650 0 _aDissertations, Academic
_xAuthorship
_vHandbooks, manuals, etc.
_951101
650 0 _aAcademic writing
_vHandbooks, manuals, etc.
_937945
856 4 2 _3Contributor biographical information
_uhttp://www.loc.gov/catdir/bios/hol052/2002042453.html
856 4 2 _3Publisher description
_uhttp://www.loc.gov/catdir/description/hol032/2002042453.html
856 4 1 _3Table of contents
_uhttp://www.loc.gov/catdir/toc/hol031/2002042453.html
906 _a7
_bcbc
_corignew
_d1
_eocip
_f20
_gy-gencatlg
942 _2lcc
_cMONOGRAPH
999 _c131185
_d131185